|
|
|
|
| LEADER |
00995nam a2200265 a 4500 |
| 001 |
12980692 |
| 008 |
100324r2004 mau b 000 0 eng d |
| 010 |
|
|
|a \\2002038280
|
| 020 |
|
|
|a 1405128100
|
| 020 |
|
|
|a 0631220097 (alk. paper)
|
| 020 |
|
|
|a 0631220100 (pbk. : alk. paper)
|
| 040 |
|
|
|a DLC
|c DLC
|d DLC
|d BD-DhAAL
|
| 082 |
0 |
0 |
|a 822.3/3
|2 21
|
| 245 |
0 |
0 |
|a Shakespeare's tragedies /
|c edited by Emma Smith.
|
| 260 |
|
|
|a Malden, MA :
|b Blackwell Pub.,
|c 2004 [reprinted].
|
| 300 |
|
|
|a viii, 369 p. ;
|c 24 cm.
|
| 490 |
0 |
|
|a Blackwell guides to criticism
|
| 504 |
|
|
|a Includes bibliographical references and index.
|
| 541 |
1 |
|
|e 00014497
|
| 600 |
1 |
0 |
|a Shakespeare, William,
|d 1564-1616
|x Tragedies.
|
| 650 |
|
0 |
|a Tragedy.
|
| 700 |
1 |
|
|a Smith, Emma,
|d 1970 May 15-
|
| 852 |
4 |
|
|a Ayesha Abed Library
|j General Shelf
|
| 999 |
|
|
|c 7853
|d 7853
|
| 952 |
|
|
|0 0
|1 0
|2 ddc
|4 0
|6 822_330000000000000_SHA_2004
|7 0
|9 8777
|a BRACUL
|b BRACUL
|c GEN
|d 2010-03-24
|l 3
|m 6
|o 822.33 SHA
|p 3010014497
|r 2025-05-13
|s 2025-04-06
|t 1
|w 2010-03-24
|y BK
|